| 000 | 00690cam a22002173a 4500 | ||
|---|---|---|---|
| 001 | 41214 | ||
| 003 | PGUSA | ||
| 005 | 20140828083928.0 | ||
| 008 | 121028s2012||||xxu|||||s|||||000 | eng d | ||
| 040 |
_aPGUSA _beng |
||
| 042 | _adc | ||
| 100 | 1 |
_aFreud, Sigmund, _d1856-1939 |
|
| 245 | 1 | 0 |
_aTotem and Taboo : _bResemblances Between the Psychic Lives of Savages and Neurotics _h[electronic resource] / _cSigmund Freud |
| 260 |
_bProject Gutenberg, _c2012 |
||
| 506 | _aPublic domain in the USA. | ||
| 516 | _aElectronic text | ||
| 700 | 1 |
_aBrill, A. A. _q(Abraham Arden), _d1874-1948 |
|
| 830 | 0 |
_aProject Gutenberg _v41214 |
|
| 856 | 4 | 0 | _uhttp://www.gutenberg.org/ebooks/41214 |
| 942 | _cEB | ||
| 999 |
_c270466 _d270466 |
||